Регионална библиотека "Любен Каравелов" - Русе

Хагакуре - Записките на самурая (Запис номер 45027)

MARC детайли
000 -Лидер
Контролно поле с фиксирана дължина 02155nam a2200445 c 4500
003 - Код на организацията, давaща контролен номер
Контролно поле BLK
005 - Дата и час на последна редакция
Контролно поле 20241220160953.0
008 - Елементи от данни с фиксирана дължина
fixed length control field 180408b bul|||||r ||||||| ||bul||
010 ## - Наследен системен номер
LC control number KNG00048807000
020 ## - Международен стандартен номер на книга ISBN
Международен стандартен номер на книга ISBN 954-8945-32-0
-- издат.: Изток-Запад
040 ## - Източник на каталожния запис
Идентификатор на билиотеката - собственик на записа BLK
041 ## - Код за език
Код за езика на текст/звукозапис или на отделно заглавие Български
Код за езика КДБФ Български
080 ## - УДК
Текстов определител УДК Японска литература
УДК код - определител по УДК 821.521
УДК определител -84
УДК - код + определител 821.521-84
080 ## - УДК
Текстов определител УДК Военна чест. Дисциплина. Воински дух и воински морал. Награди
УДК код - определител по УДК 355.13
УДК определител (520)(091)(0:82-84)
УДК - код + определител 355.13(520)(091)(0:82-84)
080 ## - УДК
Текстов определител УДК Морална оценка - Ценности на живота, щастието, естетически, социални, морални, религиозни. Репутация. Имидж. Слава. Чест. Награда, наказание
УДК код - определител по УДК 17.022
УДК определител (520)(091)
УДК - код + определител 17.022(520)(091)
100 ## - Редна дума - Автор
Автор Ямамото Цунетомо
R(LIN) 279890
139 ## - Редно поле
Редна дума Ямамото Цунетомо
Авторски знак Ямам - Я 45
245 10 - Сведения за заглавието
Заглавие Хагакуре - Записките на самурая
Редно поле (дума) Ямамото Цунетомо; прев. и комент. Данчо Господинов.
257 ## - Страна на издаване
Страна на създаване/издаване Япония
260 ## - Област на издателските данни
-- София
Име на издателя, разпространителя и проч. Изток-Запад
Година на издаване 2003
300 ## - Физическа характеристика
Страници 222 с.
Илюстрации и др. с ил.
Размери/Мащаб 20 см
380 ## - Жанр
Жанр Худож. лит.
500 ## - Общи забележки
Забележка Прев. от англ. изд. ; Ориг. загл. на яп. изд. - В кн. означено 2. доп. изд. - Офс. изд. - 300 тир.
650 #4 - Допълнително описание по предмет – тема
Основно описание – тема или топоним Самураи
9 (RLIN) 170207
650 #4 - Допълнително описание по предмет – тема
Основно описание – тема или топоним Военно дело - етика
9 (RLIN) 279891
650 #4 - Допълнително описание по предмет – тема
Основно описание – тема или топоним Япония - култура
9 (RLIN) 276971
651 #4 - Допълнително описание по предмет - топоним
Географско понятие Япония
9 (RLIN) 179845
653 ## - Ключова дума – ненормативна
Ключова дума самураи
653 ## - Ключова дума – ненормативна
Ключова дума военен морал
653 ## - Ключова дума – ненормативна
Ключова дума афоризми
653 ## - Ключова дума – ненормативна
Ключова дума японска култура
653 ## - Ключова дума – ненормативна
Ключова дума записки
700 1# - Други автори (авторска отговорност)
Лично име Господинов, Данчо
Автороска отговорност (Описва отношението между автора и произведението) прев. и комент.
9 (RLIN) 364938
852 ## - Местоположение
Форматна сигнатура Цб 223006
856 4# - Електронен адрес и достъп
Електронен формат pdf - файл
Път до файла /url/
856 4# - Електронен адрес и достъп
Електронен формат pdf - файл
Път до файла /url/
942 ## - АРТИКУЛИ
Вид на библиотечния материал Книги
Скрит в OPAC Не
Koha issues (borrowed), all copies 10
944 ## - СЪЗДАВАНЕ И РЕДАКЦИЯ на ЗАПИСА
Създаване/Редакция Създаване
Дата на регистрацията/редакция 17.03.2005
Статус, дата на статуса Севдалина Тодорова
Служител, извършил регистрацията/редакцията 30540
944 ## - СЪЗДАВАНЕ И РЕДАКЦИЯ на ЗАПИСА
Създаване/Редакция Редакция
Дата на регистрацията/редакция 20.01.2017
Статус, дата на статуса ф /
Служител, извършил регистрацията/редакцията Людмила_Стоянова
999 ## - СИСТЕМНИ КОНТРОЛНИ НОМЕРА
Koha biblionumber 45027
Koha biblioitemnumber 45027
Наличности
Код за отписване Код за изгубен артикул Код за повреда Коз за рестрикции Код за отдаване Артикулен № Име на библиотеката - собственик Име на библиотеката, в която се намира в момента Статус (Текущо местоположение) Дата на вписване в системата Местоположение - отдел Цена в лева Инвентарен номер Систематично азбучна сигнатура Баркод Номер на екземпляра Цена в евро Служебна бележка Служебен тип на артикула Източник на класификационната схема
  Не е изгубен Не е повреден без рестрикции ползва се в читалня 70931 Регионална библиотека "Любен Каравелов" Русе Регионална библиотека "Любен Каравелов" Русе Хранилище 2005-03-24 Хранилище 6.50 120000692572 Цб 223006 120000692572 1 3.32 Дост: Dp Вид: Д N: 20 Дата: 05.05.2004 Книги  
  Не е изгубен Не е повреден без рестрикции заемане за дома 70932 Регионална библиотека "Любен Каравелов" Русе Регионална библиотека "Любен Каравелов" Русе Заемна - подръчен фонд 2016-08-30 Заемна - подръчен фонд 9.00 120000803594 П 895-8/Я 45 120000803594 2 4.60 Дост: DA Вид: А N: 33 Дата: 30.08.2016 Дата инв: 08.02.2018 Бележки инв: П2018 Книги Universal Decimal Classification
Vip Innovations Ltd, Rousse, Bulgaria 2025